000 00520pab a2200169 454500
008 180718b1995 xxu||||| |||| 00| 0 eng d
100 _aNelivigi, Nandan
245 _aBiodiversity, wild life and protected area management in India
_ba people centred approach.
260 _c1995
300 _ap.145-81
362 _aApr-Jun
650 _aBiological diversity - India
650 _aWild life conservation - India
650 _aWild life protection
773 _aJournal of the Indian Law Institute
909 _a31226
999 _c31226
_d31226